000
00284nam a2200109Ia 4500
008
191014s9999 xx 000 0 und d
082
_a
510.2462
_b
KRE
100
_a
Erwin Kreyszig
_9
13321
245
0
_a
Advanced Engineering Mathematics 9th Edition
300
_a
Xvii,1094
942
_c
BK
999
_c
531284
_d
531284